Návrh poistenia škôd spôsobených prírodnými katastrofami na Slovensku

V posledných rokoch sa objavujú na Slovensku prírodné katastrofy, ktoré v minulosti neexistovali, a teda vzniknuté škody nepoisťovali. Medzi často objavujúce sa prírodné katastrofy na Slovensku môžeme zaradiť katastrofy spôsobené povodňami, víchricami, prípadne požiarmi. Z uvedených okolností vyplýv...

Descripción completa

Guardado en:
Detalles Bibliográficos
Autor principal: Pinda, Ľudovít, 1958-
Formato: Capítulo de libro
Lenguaje:eslovaco
Materias:
Etiquetas: Agregar Etiqueta
Sin Etiquetas, Sea el primero en etiquetar este registro!

MARC

LEADER 00000nla$a2200000$$$4500
001 0110276
005 20240502072220.4
041 0 |a slo 
044 |a SK 
245 1 0 |a Návrh poistenia škôd spôsobených prírodnými katastrofami na Slovensku  |c Ľudovít Pinda 
520 |a V posledných rokoch sa objavujú na Slovensku prírodné katastrofy, ktoré v minulosti neexistovali, a teda vzniknuté škody nepoisťovali. Medzi často objavujúce sa prírodné katastrofy na Slovensku môžeme zaradiť katastrofy spôsobené povodňami, víchricami, prípadne požiarmi. Z uvedených okolností vyplýva nájsť spôsob poistiť takto vzniknuté škody. Opcie na katastrofický index. 
610 2 0 |a povodne 
610 2 0 |a riziko poistné 
610 2 0 |a poistenie 
610 2 0 |a udalosti poistné 
610 2 0 |a Slovensko 
100 1 |a Pinda, Ľudovít, 1958-